LIBRARY & INFORMATION CENTRE, KCAET, TAVANUR

ONLINE PUBLIC ACCESS CATALOGUE (OPAC)

Land use mapping by GIS (Record no. 15194)

MARC details
000 -LEADER
fixed length control field 00599nam a22002057a 4500
003 - CONTROL NUMBER IDENTIFIER
control field OSt
088 ## - REPORT NUMBER
Report number P 155
100 ## - MAIN ENTRY--AUTHOR NAME
Personal name ANU M. BABU
245 ## - TITLE STATEMENT
Title Land use mapping by GIS
260 ## - PUBLICATION, DISTRIBUTION, ETC. (IMPRINT)
Place of publication Tavanur 2005
Name of publisher Kelappaji College of Agricultural Engineering and Technology
300 ## - PHYSICAL DESCRIPTION
Number of Pages 41
500 ## - GENERAL NOTE
General note Land use mapping by GIS
520 ## - SUMMARY, ETC.
Summary, etc Land use mapping by GIS
700 ## - ADDED ENTRY--PERSONAL NAME
Personal name Ramya P
700 ## - ADDED ENTRY--PERSONAL NAME
Personal name Smitha K. E
700 ## - ADDED ENTRY--PERSONAL NAME
Personal name Er. Vishnu B (Guide)
856 ## - ELECTRONIC LOCATION AND ACCESS
Uniform Resource Identifier https://drive.google.com/open?id=1ZNkG6s2D_tNHEpdB1pOjVoaWrr9Ys3LZ
942 ## - ADDED ENTRY ELEMENTS (KOHA)
Koha item type Project Report
Holdings
Collection code Home library Current library Shelving location Full call number Accession Number Koha item type
Reference KAUAET KAUAET Reference 631.75807 ANU/LA P 155 Project Report
free website counter